000 00493nam a2200193Ia 4500
003 LK-CoDNM
008 010623t2006 xxu||||| |||| 00| 1 sin d
040 _aLK-CoDNM
_dLK-CoDNM
_eLK-CoDNM
041 _asin
080 _a(x) 398
_bJAY
100 _aJayawardena, H.V.G.Somasiri
245 _aගම් නමි විමසුම
246 _aGam nam vimasuma
260 _bS.Godage
_aColombo
_c2006
300 _b232, 22 cm
650 _aCulture
650 _aFolk lore
942 _cBK
999 _c125663
_d125663